Normal view
MARC view
Entry Nombre personal
001 - NÚMERO DE CONTROL
- campo de control: 37
003 - IDENTIFICADOR DEL NÚMERO DE CONTROL
- campo de control: BNPHU
005 - FECHA Y HORA DE LA ÚLTIMA TRANSACCIÓN
- campo de control: 20250120110604.0
008 - DATOS DE LONGITUD FIJA
- campo de control de longitud fija: 200615|| aca||aabn | a|a d
040 ## - FUENTE DE LA CATALOGACIÓN
- Centro catalogador/agencia de origen: DO-SdBNP
- Lengua de catalogación: spa
- Centro/agencia transcriptor: BNPHU
- Normas de descripción: rda
100 1# - ENCABEZAMIENTO-NOMBRE DE PERSONA
- Nombre de persona: Molina Morillo, Rafael,
- Fechas asociadas al nombre: 1930-1917
370 ## - LUGAR ASOCIADO
- Lugar de nacimiento: La Vega (República Dominicana)
374 ## - OCUPACIÓN
- Ocupación: Abogado
- Ocupación: Periodista
- Ocupación: Diplomático
375 ## - GÉNERO/SEXO
- Género/Sexo: Masculino
377 ## - LENGUA/LENGUAJE ASOCIADO
- Código del idioma: spa
400 1# - TRAZADO DE VÉASE--NOMBRE DE PERSONA
- Nombre de persona: Morillo, Rafael Molina
670 ## - FUENTE DE DATOS ENCONTRADOS
- Cita de la fuente: Periodismo de investigación en la República Dominicana /, 2003.
670 ## - FUENTE DE DATOS ENCONTRADOS
- Cita de la fuente: Gloria y repudio, 2011
670 ## - FUENTE DE DATOS ENCONTRADOS
- Cita de la fuente: Wikipedia, 17, julio, 2021
